[Event "Moscow-ch"]
[Site "Moscow"]
[Date "1981.??.??"]
[Round "14"]
[White "Kremenietsky, Anatoly M"]
[Black "Panchenko, Alexander N"]
[Result "1/2-1/2"]
[WhiteElo "2380"]
[BlackElo "2530"]
[PlyCount "80"]
[EventDate "1981.06.??"]
[Source "ChessBase"]

1. e4 c5 2. Nf3 d6 3. d4 cxd4 4. Nxd4 Nf6 5. Nc3 e6 6. g3 Nc6 7. Bg2 Bd7 8. Nde2 a6 9. a4 Be7 10. O-O Rb8 11. h3 b5 12. axb5 axb5 13. g4 b4 14. Na4 O-O 15. f4 Na5 16. g5 Ne8 17. b3 f6 18. h4 fxg5 19. hxg5 e5 20. Be3 exf4 21. Qd5+ Kh8 22. Nxf4 Nc6 23. Ne6 Rxf1+ 24. Rxf1 Bxe6 25. Qxc6 Kg8 26. Nc5 Qc8 27. Qxc8 Bxc8 28. e5 Nc7 29. exd6 Bxd6 30. Rd1 Be7 31. Nd7 Rb5 32. Bc6 Rf5 33. Be4 Bxd7 34. Rxd7 Re5 35. Rxc7 Rxe4 36. Kf2 Re5 37. Bd4 Rd5 38. Bxg7 Kxg7 39. Rxe7+ Kg6 40. Re4 Kxg5 1/2-1/2

[Event "Cheliabinsk"]
[Site "Cheliabinsk"]
[Date "1993.??.??"]
[Round "?"]
[White "Magomedov, Magaram"]
[Black "Panchenko, Alexander N"]
[Result "1/2-1/2"]
[WhiteElo "2435"]
[BlackElo "2475"]
[PlyCount "47"]
[EventDate "1993.12.??"]
[Source "ChessBase"]

1. e4 c5 2. Nf3 d6 3. d4 cxd4 4. Nxd4 Nf6 5. Nc3 e6 6. g3 Nc6 7. Bg2 Bd7 8. O-O Be7 9. Nxc6 Bxc6 10. a4 O-O 11. Qe2 a6 12. Rd1 Qc7 13. Bf4 Rac8 14. Rd2 Rfd8 15. Rad1 Ne8 16. Be3 Bf6 17. Bd4 Bxd4 18. Rxd4 Qb6 19. b3 Bd7 20. Qd2 Qc5 21. Rc4 Qe5 22. Rd4 Qc5 23. Rc4 Qe5 24. Rd4 1/2-1/2

[Event "DSV-Turnier"]
[Site "Potsdam"]
[Date "1985.??.??"]
[Round "12"]
[White "Tischbierek, Raj"]
[Black "Boensch, Uwe"]
[Result "0-1"]
[WhiteElo "2460"]
[BlackElo "2445"]
[PlyCount "52"]
[EventDate "1985.04.03"]
[Source "ChessBase"]

1. e4 c5 2. Nf3 d6 3. d4 cxd4 4. Nxd4 Nf6 5. Nc3 e6 6. g3 Nc6 7. Bg2 Bd7 8. O-O Be7 9. Nxc6 Bxc6 10. a4 O-O 11. Be3 Nd7 12. Nd5 Bxd5 13. exd5 e5 14. a5 Bg5 15. f4 exf4 16. gxf4 Bf6 17. c3 a6 18. Qd2 Qc7 19. Rfc1 Rfe8 20. c4 Bxb2 21. c5 Bxc1 22. Rxc1 Nxc5 23. Bxc5 dxc5 24. d6 Qd7 25. Rxc5 Rad8 26. Rd5 Re6 0-1

[Event "1st League TCh-SCG"]
[Site "Budva"]
[Date "2003.09.01"]
[Round "4"]
[White "Markovic, Ivan"]
[Black "Boskovic, Drasko"]
[Result "1/2-1/2"]
[WhiteElo "2502"]
[BlackElo "2402"]
[PlyCount "58"]
[EventDate "2003.08.29"]
[Source "Roberto Alvarez"]
[SourceDate "2003.10.27"]

1. e4 c5 2. Nf3 d6 3. d4 cxd4 4. Nxd4 Nf6 5. Nc3 e6 6. g3 a6 7. Bg2 Be7 8. O-O O-O 9. a4 Qc7 10. f4 Nc6 11. Nb3 b6 12. g4 Bb7 13. g5 Nd7 14. Be3 Na5 15. Nxa5 bxa5 16. Qe1 Nb6 17. b3 d5 18. exd5 Nxd5 19. Nxd5 Bxd5 20. Bxd5 exd5 21. Qf2 Rac8 22. Rad1 Qxc2 23. Qxc2 Rxc2 24. Rxd5 Bb4 25. Bb6 Re8 26. Rf2 Rc6 27. Bd4 Rc1+ 28. Rf1 Rc2 29. Rf2 Rc1+ 1/2-1/2

[Event "BUL-ch 65th"]
[Site "Tsarevo"]
[Date "2001.05.14"]
[Round "4"]
[White "Janev, Evgeni"]
[Black "Bratanov, Zsivko"]
[Result "1-0"]
[WhiteElo "2465"]
[BlackElo "2436"]
[PlyCount "89"]
[EventDate "2001.05.11"]
[Source "ChessBase"]
[SourceDate "2001.07.05"]

1. e4 c5 2. Nf3 d6 3. d4 cxd4 4. Nxd4 Nf6 5. Nc3 e6 6. g3 Be7 7. Bg2 O-O 8. O-O Nc6 9. a4 Bd7 10. Nb3 Na5 11. Nxa5 Qxa5 12. Bd2 Qd8 13. Qe2 Bc6 14. Rfd1 Qc7 15. Be3 a6 16. a5 Rac8 17. f4 Rfe8 18. g4 d5 19. e5 Nd7 20. Qf2 f6 21. exf6 Nxf6 22. h3 Rf8 23. Bb6 Qb8 24. Qe3 Ne4 25. Nxe4 dxe4 26. Bxe4 Rxf4 27. Bxc6 Rxc6 28. c3 e5 29. Rd7 Qf8 30. Qxe5 Bh4 31. Rxg7+ Qxg7 32. Qxf4 Rf6 33. Qc4+ Qf7 34. Qxf7+ Kxf7 35. Rf1 Ke6 36. Rxf6+ Bxf6 37. Kf2 Kd5 38. Ke3 Kc4 39. Kf4 Bh4 40. g5 Kb3 41. Kg4 Be1 42. h4 Kxb2 43. Bd4 Kb3 44. h5 Bd2 45. h6 1-0

[Event "CSR Team Ch"]
[Site "Czekhoslovakia"]
[Date "1988.??.??"]
[Round "?"]
[White "Nun, Jiri"]
[Black "Mozny, Milos"]
[Result "0-1"]
[WhiteElo "2470"]
[BlackElo "2430"]
[PlyCount "112"]
[EventDate "1988.??.??"]
[Source "www.chesslib.no"]
[SourceDate "2004.05.04"]

1. e4 c5 2. Nf3 d6 3. d4 cxd4 4. Nxd4 Nf6 5. Nc3 e6 6. g3 a6 7. Bg2 Bd7 8. O-O Nc6 9. a4 Be7 10. Nb3 O-O 11. g4 Be8 12. f4 Nd7 13. Kh1 Na5 14. Nxa5 Qxa5 15. Bd2 Qc7 16. a5 b5 17. axb6 Nxb6 18. Ra2 a5 19. g5 Bc6 20. Rf3 f5 21. Rh3 g6 22. Qe1 Qb7 23. Rg3 e5 24. fxe5 f4 25. exd6 fxg3 26. dxe7 Qxe7 27. Qxg3 Nc4 28. Bf4 Qf7 29. Bd6 Rfd8 30. Bc5 Nd2 31. Ra1 Qc4 32. Qe3 Qe6 33. b3 a4 34. bxa4 Qe5 35. Ba3 Rxa4 36. Qb6 Rc8 37. Bb2 Rxa1+ 38. Bxa1 Nxe4 39. Qb3+ Kg7 40. Bxe4 Bxe4+ 41. Nxe4 Qxa1+ 42. Kg2 Qe5 43. Qd3 Re8 44. Qc3 Qxc3 45. Nxc3 Rc8 46. Ne2 Rxc2 47. Kf3 Kf7 48. h4 Ke7 49. Nf4 Rc3+ 50. Kg4 Rc4 51. Kg3 Ra4 52. h5 gxh5 53. Nxh5 Ke6 54. Nf6 h6 55. Nh7 Kf5 56. gxh6 Ra7 0-1

[Event "Pardubice Open"]
[Site "Pardubice CZE"]
[Date "1994.??.??"]
[Round "3"]
[White "Mololkin, Victor"]
[Black "Panchenko, Alexander N"]
[Result "1/2-1/2"]
[WhiteElo "2415"]
[BlackElo "2480"]
[PlyCount "77"]
[EventDate "1994.07.??"]
[Source "www.chesslib.no"]
[SourceDate "2004.05.04"]

1. e4 c5 2. Nf3 d6 3. d4 cxd4 4. Nxd4 Nf6 5. Nc3 e6 6. g3 Nc6 7. Bg2 Bd7 8. Ndb5 Qb8 9. a4 Be7 10. O-O a6 11. Na3 Qc7 12. Be3 Na5 13. g4 h6 14. f4 h5 15. g5 Ng4 16. Bd4 Nc6 17. h3 Nxd4 18. Qxd4 d5 19. Qxg7 O-O-O 20. hxg4 Qb6+ 21. Rf2 Bc5 22. Nd1 Bd4 23. a5 Qc5 24. e5 hxg4 25. Kf1 Bxf2 26. Nxf2 Qe3 27. Qf6 g3 28. Nd3 Rh2 29. Re1 Qd2 30. Re2 Qd1+ 31. Re1 Qg4 32. g6 fxg6 33. Qg5 Qxg5 34. fxg5 Rf8+ 35. Kg1 Rh5 36. c4 Bc6 37. Nb4 Rxg5 38. cxd5 exd5 39. Nxd5 1/2-1/2

[Event "BUL-ch"]
[Site "Sofia"]
[Date "1984.??.??"]
[Round "?"]
[White "Inkiov, Ventzislav"]
[Black "Danailov, Silvio"]
[Result "1/2-1/2"]
[WhiteElo "2475"]
[BlackElo "2420"]
[PlyCount "40"]
[EventDate "1984.09.??"]
[Source "ChessBase"]

1. e4 c5 2. Nf3 d6 3. d4 cxd4 4. Nxd4 Nf6 5. Nc3 e6 6. g3 a6 7. Bg2 Qc7 8. O-O Be7 9. Nde2 O-O 10. h3 Nc6 11. g4 Re8 12. Ng3 b5 13. a3 Rb8 14. g5 Nd7 15. f4 Bf8 16. Nh5 b4 17. axb4 Nxb4 18. f5 Ne5 19. Kh1 exf5 20. exf5 Bb7 1/2-1/2

[Event "Hania Open"]
[Site "Hania"]
[Date "1994.??.??"]
[Round "8"]
[White "Inkiov, Ventzislav V"]
[Black "Kalesis, Nikolaos"]
[Result "1-0"]
[WhiteElo "2475"]
[BlackElo "2415"]
[PlyCount "71"]
[EventDate "1994.08.??"]
[Source "www.chesslib.no"]
[SourceDate "2004.05.04"]

1. e4 c5 2. Nf3 d6 3. d4 cxd4 4. Nxd4 Nf6 5. Nc3 e6 6. g3 Nc6 7. Bg2 Bd7 8. O-O Be7 9. Ndb5 Qb8 10. Bg5 a6 11. Bxf6 gxf6 12. Nd4 h5 13. Nxc6 bxc6 14. h4 Qxb2 15. Na4 Qa3 16. Nb6 Rb8 17. Rb1 Qc5 18. Nxd7 Kxd7 19. Qe2 Rb6 20. Rxb6 Qxb6 21. Bf3 Qb5 22. c4 Qc5 23. Rb1 Kc7 24. Qb2 Qa7 25. Kg2 Bd8 26. c5 d5 27. exd5 cxd5 28. Qd2 Be7 29. Qa5+ Kd7 30. Qa4+ Kc7 31. Qf4+ e5 32. Qd2 e4 33. Qf4+ Kd7 34. Bxh5 Rd8 35. Bg4+ Ke8 36. c6 1-0

[Event "Zamardi op"]
[Site "Zamardi"]
[Date "1980.??.??"]
[Round "?"]
[White "Barczay, Laszlo"]
[Black "Tompa, Janos"]
[Result "1/2-1/2"]
[WhiteElo "2450"]
[BlackElo "2440"]
[PlyCount "39"]
[EventDate "1980.04.??"]
[Source "ChessBase"]

1. e4 c5 2. Nf3 d6 3. d4 cxd4 4. Nxd4 Nf6 5. Nc3 e6 6. g3 Nc6 7. Bg2 Bd7 8. O-O Be7 9. Re1 O-O 10. Nxc6 Bxc6 11. a4 Qd7 12. Be3 b6 13. a5 b5 14. e5 Ne8 15. Ne4 Qc7 16. exd6 Nxd6 17. Bf4 Rad8 18. Qh5 Bd5 19. Be5 Qc6 20. Qg4 1/2-1/2

[Event "Dresden+"]
[Site "Dresden"]
[Date "1985.??.??"]
[Round "5"]
[White "Tischbierek, Raj"]
[Black "Gross, Stefan"]
[Result "1-0"]
[WhiteElo "2465"]
[BlackElo "2420"]
[PlyCount "85"]
[EventDate "1985.11.18"]
[Source "ChessBase"]

1. e4 c5 2. Nf3 d6 3. d4 cxd4 4. Nxd4 Nf6 5. Nc3 e6 6. g3 Be7 7. Bg2 a6 8. O-O Qc7 9. Be3 Nc6 10. Nxc6 bxc6 11. Na4 Rb8 12. c4 c5 13. b3 Bd7 14. Nc3 Bc6 15. f4 Nd7 16. f5 Bf6 17. fxe6 fxe6 18. Qh5+ Ke7 19. Bg5 Rbf8 20. Rf2 Ne5 21. Raf1 Qd8 22. Qh4 Ng6 23. Rxf6 gxf6 24. Bxf6+ Kd7 25. Bxd8 Nxh4 26. Bxh4 Rxf1+ 27. Kxf1 a5 28. a4 Rb8 29. Nb5 Bxb5 30. axb5 a4 31. bxa4 Ra8 32. Kf2 Rxa4 33. Bf1 Ra2+ 34. Be2 d5 35. exd5 exd5 36. cxd5 Kd6 37. b6 Rb2 38. Bd8 Kxd5 39. Ke1 c4 40. Bf3+ Kc5 41. b7 c3 42. Be4 Kd4 43. Bc7 1-0

[Event "Vrnjacka Banja"]
[Site "Vrnjacka Banja YUG"]
[Date "1990.??.??"]
[Round "1"]
[White "Marinkovic, Ivan"]
[Black "Tringov, Georgi P"]
[Result "1/2-1/2"]
[WhiteElo "2470"]
[BlackElo "2405"]
[PlyCount "44"]
[EventDate "1990.04.??"]
[Source "www.chesslib.no"]
[SourceDate "2004.05.04"]

1. e4 c5 2. Nf3 d6 3. d4 cxd4 4. Nxd4 Nf6 5. Nc3 e6 6. g3 Nc6 7. Bg2 Bd7 8. O-O a6 9. Nxc6 Bxc6 10. a4 Be7 11. Be3 O-O 12. a5 Nd7 13. Na4 f5 14. Nb6 Nxb6 15. Bxb6 Qd7 16. Re1 Rae8 17. c4 fxe4 18. Bxe4 Bf6 19. Qd2 d5 20. Rad1 Kh8 21. Bg2 Ba4 22. Rc1 d4 1/2-1/2

[Event "JUG-chT (Women)"]
[Site "Niksic"]
[Date "1997.??.??"]
[Round "8"]
[White "Bojkovic, Natasa"]
[Black "Peptan, Corina"]
[Result "1/2-1/2"]
[WhiteElo "2415"]
[BlackElo "2460"]
[PlyCount "47"]
[EventDate "1997.08.27"]
[Source "ChessBase"]
[SourceDate "1997.09.26"]

1. e4 c5 2. Nf3 d6 3. d4 cxd4 4. Nxd4 Nf6 5. Nc3 e6 6. g3 Be7 7. Bg2 a6 8. O-O O-O 9. Re1 Qc7 10. a4 Nc6 11. Nxc6 bxc6 12. a5 Rb8 13. b3 d5 14. exd5 cxd5 15. Bf4 Bd6 16. Bxd6 Qxd6 17. Na4 Qc7 18. Nb6 Bb7 19. c4 dxc4 20. Bxb7 Rxb7 21. bxc4 Qc6 22. Qe2 Nd7 23. Nxd7 Rxd7 24. c5 1/2-1/2